Energy security visions from Asia and Europe

Gespeichert in:
Bibliographische Detailangaben
Weitere Verfasser: Marquina, Antonio
Format: Buch
Sprache:Englisch
Veröffentlicht: Basingstoke Palgrave Macmillan 2008
Schlagworte:
Tags: Tag hinzufügen
Keine Tags, Fügen Sie das erste Tag hinzu!

MARC

LEADER 00000nam$a2200000$$$4500
001 0105108
005 20240315121710.0
020 |a 978-0-230-21970-0 
020 |a 0-230-21970-5 
041 0 |a eng 
044 |a GB 
245 1 0 |a Energy security  |b visions from Asia and Europe  |c edited by: Antonio Marquina 
264 1 |a Basingstoke  |b Palgrave Macmillan  |c 2008 
300 |a 288 s. 
610 2 0 |a bezpečnosť energetická 
610 2 0 |a politika energetická 
610 2 0 |a spolupráca medzinárodná 
610 2 0 |a diplomacia 
610 2 0 |a spolupráca regionálna 
610 2 0 |a prognózy 
610 2 0 |a Európa 
610 2 0 |a Ázia 
700 1 |a Marquina, Antonio